00532nam a2200205 a 4500001001300000003000900013005001700022008004100039020001000080082001600090100002700106245004100133260003100174300000900205500003500214505000800249650001500257650002700272700002700299nice12345678IN_TiNIC20260116012058.0050524s1897 meea grp 000 0 urd  ac10000a297.81bKHA aKhan, Mohd Haiderullah aDirradtud Durraniial Raddul Qadiyani aMeerutbHashmi Pressc1897 a296p aincludes index and biblioraphy2 aIll aAhmadiyyah aApologetics-Ahmadiyyah1 aKhan, Mohd Haiderullah